Logic and language (second series) : essays /

Bibliographic Details
Other Authors: Flew, Antony, 1923-2010, Austin, J. L. (John Langshaw), 1911-1960
Format: Book
Language:English
Published: Oxford : Blackwell, 1953
Subjects:

MARC

Tag First Indicator Second Indicator Subfields
LEADER 00000cam a2200000 a 4500
001 in00000084913
005 20151008054422.0
008 741008s1953 enka b 00000 engm
010 |z  53002749 R 
035 |a (OCoLC)01035264 
035 |9 AAJ0597AM 
040 |c NED  |d TXA  |d UtOrBLW 
049 |a TXAM  |c [1654568] 
050 0 |a BC6  |b .F63 1953a 
082 0 |a 160.4 
090 |a BC6  |b .L6 1955 
245 0 0 |a Logic and language (second series) :  |b essays /  |c by J.L. Austin . . . [and others] ; edited with an introduction by Antony Flew. 
264 1 |a Oxford :  |b Blackwell,  |c 1953 
264 3 |c 1955 printing 
300 |a vii, 242 pages :  |b illustrations ;  |c 23 cm. 
336 |a text  |b txt  |2 rdacontent 
337 |a unmediated  |b n  |2 rdamedia 
338 |a volume  |b nc  |2 rdacarrier 
500 |a First series published in 1951 under title: Essays on logic and language. 
504 |a Includes bibliographical references. 
650 0 |a Logic. 
650 0 |a Language and languages. 
700 1 |a Flew, Antony,  |d 1923-2010. 
700 1 |a Austin, J. L.  |q (John Langshaw),  |d 1911-1960. 
999 |a MARS 
999 f f |s bc3bc85e-d26a-3be3-b715-ea32257768d4  |i 7ecf31e0-6d02-37bd-999b-e1ebb9676b00  |t 0 
952 f f |p ric  |a Texas A&M University  |b Rellis Campus  |c Joint Library Facility  |d Remote Storage  |t 0  |e BC6 .L6 1955  |h Library of Congress classification  |i unmediated -- volume  |m A14806085225 
998 f f |a BC6 .L6 1955  |t 0  |l Remote Storage